Digital Logic and Computer Design (Record no. 76)

MARC details
000 -LEADER
fixed length control field 00380nam a22001577a 4500
005 - DATE AND TIME OF LATEST TRANSACTION
control field 20180201115019.0
008 - FIXED-LENGTH DATA ELEMENTS--GENERAL INFORMATION
fixed length control field 160427b xxu||||| |||| 00| 0 eng d
020 ## - INTERNATIONAL STANDARD BOOK NUMBER
ISBN 81-203-0417-9
041 ## - LANGUAGE CODE
Language code of text/sound track or separate title eng
082 ## - DEWEY DECIMAL CLASSIFICATION NUMBER
Item number 00205
Classification number 004
100 ## - MAIN ENTRY--AUTHOR NAME
Personal name Mano, Morris M.
245 ## - TITLE STATEMENT
Title Digital Logic and Computer Design
260 ## - PUBLICATION, DISTRIBUTION, ETC. (IMPRINT)
Place of publication New Delhi
Name of publisher PHI Pvt Ltd.
Year of publication 2000
300 ## - PHYSICAL DESCRIPTION
Number of Pages 612
942 ## - ADDED ENTRY ELEMENTS (KOHA)
Koha item type Books
Holdings
Lost status Damaged status Collection code Home library Current library Shelving location Date acquired Source of acquisition Cost, normal purchase price Full call number Accession Number Koha item type
    CS/IT JRU Library JRU Library SHELF-48-G 27/04/2016 PURCHASE 195.00 004 00205 Books
    CS/IT JRU Library JRU Library SHELF-48-G 27/04/2016 PURCHASE 195.00 004 00206 Books
    CS/IT JRU Library JRU Library SHELF-48-G 27/04/2016 PURCHASE 195.00 004 00207 Books
    CS/IT JRU Library JRU Library SHELF-48-G 27/04/2016 PURCHASE 195.00 008 00208 Books
    CS/IT JRU Library JRU Library SHELF-48-G 27/04/2016 PURCHASE 195.00 004 00209 Books
    CS/IT JRU Library JRU Library SHELF-48-G 27/04/2016 PURCHASE 225.00 004 00210 Books
    CS/IT JRU Library JRU Library SHELF-48-G 27/04/2016 PURCHASE 225.00 004 00211 Books
    CS/IT JRU Library JRU Library SHELF-48-G 27/04/2016 PURCHASE 225.00 004 00212 Books
    CS/IT JRU Library JRU Library SHELF-48-G 27/04/2016 PURCHASE 225.00 004 00213 Books
    CS/IT JRU Library JRU Library SHELF-48-G 27/04/2016 PURCHASE 225.00 004 00214 Books
    CS/IT JRU Library JRU Library SHELF-48-G 27/04/2016 PURCHASE 225.00 004 00215 Books
    CS/IT JRU Library JRU Library SHELF-48-G 27/04/2016 PURCHASE 225.00 004 00216 Books